COMPLETE WORKS OF SWAMI VIVEKANAND (Record no. 17208)

MARC details
000 -LEADER
fixed length control field 00333nam a2200133Ia 4500
008 - FIXED-LENGTH DATA ELEMENTS--GENERAL INFORMATION
fixed length control field 240624s9999 xx 000 0 und d
041 ## - LANGUAGE CODE
Language code of text/sound track or separate title eng
082 ## - DEWEY DECIMAL CLASSIFICATION NUMBER
Classification number 920 ASH
100 ## - MAIN ENTRY--PERSONAL NAME
Personal name VIVEKANAND SWAMI
245 ## - TITLE STATEMENT
Title COMPLETE WORKS OF SWAMI VIVEKANAND
260 ## - PUBLICATION, DISTRIBUTION, ETC.
Date of publication, distribution, etc. 1964
Place of publication, distribution, etc. New Delhi
Name of publisher, distributor, etc. Advaita Ashrama
300 ## - PHYSICAL DESCRIPTION
Extent 5062 : p.
440 ## - SERIES STATEMENT/ADDED ENTRY--TITLE
Volume/sequential designation vol 7
Holdings
Withdrawn status Lost status Damaged status Not for loan Home library Current library Shelving location Date acquired Full call number Barcode Date last seen Price effective from Koha item type
        IMTN IMTN Rack 43-B 06/14/2011 920 ASH 17208 06/24/2024 06/24/2024 Books
Designed & Maintained by: LRC IMT Nagpur Contact: lrc@imtnag.ac.in© 2024. All Rights Reserved.